[Event "Berlin Werner Ott op"]
[Site "Berlin"]
[Date "2017.07.15"]
[Round "1"]
[White "Bruening, Wolfgang"]
[Black "Melamed, Tatiana"]
[Result "0-1"]
[WhiteElo "1789"]
[BlackElo "2346"]
[PlyCount "58"]
[EventDate "2017.07.15"]
[EventType "swiss"]
[EventRounds "9"]
[EventCountry "GER"]
[SourceTitle "EXT 2019"]
[Source "ChessBase"]
[SourceDate "2018.10.10"]
[SourceVersion "1"]
[SourceVersionDate "2018.10.10"]
[SourceQuality "1"]

1. Nf3 Nf6 2. d4 g6 3. Nc3 c5 4. d5 Bg7 5. e4 d6 6. g3 0-0 7. Bg2 b5 8. Nd2 a6 9. 0-0 Nbd7 10. a4 b4 11. Ne2 a5 12. h3 Ba6 13. f4 Re8 14. Rb1 Qb6 15. Kh1 e6 16. c4 bxc3 17. bxc3 Qa7 18. dxe6 Rxe6 19. c4 Rb8 20. Bb2 Nxe4 21. Bxg7 Nxd2 22. Qxd2 Kxg7 23. Rxb8 Qxb8 24. f5 Re5 25. fxg6 hxg6 26. Qf4 Rf5 27. Qc1 Rxf1+ 28. Bxf1 Ne5 29. Nf4 Qb3 0-1

[Event "Berlin Lichtenberger op 13th"]
[Site "Berlin"]
[Date "2014.08.23"]
[Round "8"]
[White "Bruening, Wolfgang"]
[Black "Prix, Siegfried"]
[Result "1-0"]
[WhiteElo "1893"]
[BlackElo "1777"]
[PlyCount "55"]
[EventDate "2014.08.16"]
[EventType "swiss"]
[EventRounds "9"]
[EventCountry "GER"]
[SourceTitle "CBM 161 Extra"]
[Source "ChessBase"]
[SourceDate "2014.08.29"]
[SourceVersion "1"]
[SourceVersionDate "2014.08.29"]
[SourceQuality "1"]

1. c4 e5 2. Nc3 Nf6 3. Nf3 Nc6 4. a3 a5 5. e3 Be7 6. Be2 0-0 7. d4 exd4 8. Nxd4 Nxd4 9. Qxd4 d6 10. b3 c6 11. Bb2 Bd7 12. Rd1 Qc7 13. g4 Rfd8 14. Qf4 Rac8 15. g5 Ne8 16. h4 g6 17. Ne4 Be6 18. h5 d5 19. hxg6 fxg6 20. Qh4 Bf8 21. Nf6+ Nxf6 22. gxf6 Qf7 23. Rd4 dxc4 24. Re4 Bd5 25. Re7 Bxe7 26. fxe7 Re8 27. Qd4 Qg7 28. Qxg7# 1-0

[Event "Berlin Lichtenberger op 13th"]
[Site "Berlin"]
[Date "2014.08.20"]
[Round "5"]
[White "Kreutzkamp, Hans Rudolf"]
[Black "Bruening, Wolfgang"]
[Result "1-0"]
[WhiteElo "2186"]
[BlackElo "1893"]
[PlyCount "91"]
[EventDate "2014.08.16"]
[EventType "swiss"]
[EventRounds "9"]
[EventCountry "GER"]
[SourceTitle "CBM 161 Extra"]
[Source "ChessBase"]
[SourceDate "2014.08.29"]
[SourceVersion "1"]
[SourceVersionDate "2014.08.29"]
[SourceQuality "1"]

1. e4 c5 2. Nf3 e6 3. d4 cxd4 4. Nxd4 Nc6 5. Be3 Nf6 6. Nd2 a6 7. Be2 Qc7 8. 0-0 d5 9. Nxc6 Qxc6 10. exd5 exd5 11. Nb3 Bd6 12. Re1 0-0 13. Bd4 Ne4 14. Bd3 Qc7 15. g3 f5 16. f4 b6 17. Qf3 Bb7 18. Re2 Bc6 19. Rg2 b5 20. Rf1 a5 21. c3 a4 22. Nd2 Bc5 23. Qe3 Bd6 24. Nf3 Rab8 25. a3 Rbe8 26. Ne5 Re6 27. Bb1 Be8 28. Ba2 Bc6 29. Rd1 Nf6 30. Qd3 Ne4 31. Re2 Rd8 32. Nxc6 Qxc6 33. Be3 Nf6 34. Bxd5 Nxd5 35. Qxd5 Be7 36. Qxd8+ Bxd8 37. Rxd8+ Kf7 38. Kf2 Qh1 39. h4 Kg6 40. Rdd2 Kh5 41. Re1 Qe4 42. Rd4 Qc6 43. Red1 Kg4 44. Rd5 Re7 45. h5 Qc4 46. Rh1 1-0

[Event "Berlin Eckbauer op 16th"]
[Site "Berlin"]
[Date "2013.11.04"]
[Round "5"]
[White "Bender, Sebastian1111"]
[Black "Bruening, Wolfgang"]
[Result "1/2-1/2"]
[WhiteElo "1921"]
[BlackElo "1939"]
[PlyCount "31"]
[EventDate "2013.10.07"]
[EventType "swiss"]
[EventRounds "7"]
[EventCountry "GER"]
[SourceTitle "EXT 2022"]
[Source "ChessBase"]
[SourceDate "2021.10.06"]
[SourceVersion "1"]
[SourceVersionDate "2021.10.06"]
[SourceQuality "1"]

1. e4 e6 2. d4 d5 3. Nd2 dxe4 4. Nxe4 Nd7 5. Nf3 Ngf6 6. Bd3 Nxe4 7. Bxe4 Nf6 8. Bg5 Qd6 9. Bxf6 gxf6 10. c3 f5 11. Bd3 Bd7 12. Ne5 Bg7 13. Qe2 Qe7 14. Bb5 Bxb5 15. Qxb5+ c6 16. Qe2 1/2-1/2

[Event "Berlin Eckbauer op 16th"]
[Site "Berlin"]
[Date "2013.10.14"]
[Round "2"]
[White "Bruening, Wolfgang"]
[Black "Muenstermann, Claudia"]
[Result "1-0"]
[WhiteElo "1939"]
[BlackElo "1738"]
[PlyCount "83"]
[EventDate "2013.10.07"]
[EventType "swiss"]
[EventRounds "7"]
[EventCountry "GER"]
[SourceTitle "EXT 2022"]
[Source "ChessBase"]
[SourceDate "2021.10.06"]
[SourceVersion "1"]
[SourceVersionDate "2021.10.06"]
[SourceQuality "1"]

1. Nf3 d5 2. d4 c5 3. c4 e6 4. g3 Nc6 5. Bg2 Nf6 6. 0-0 h6 7. Nc3 Be7 8. dxc5 Bxc5 9. Qc2 0-0 10. Bf4 Qe7 11. cxd5 exd5 12. a3 a6 13. b4 Ba7 14. b5 Na5 15. Be5 Be6 16. Bd4 Bb8 17. Rfd1 Rd8 18. Nh4 axb5 19. Nxb5 Nc6 20. Nf5 Qd7 21. Ne3 Nxd4 22. Nxd4 Be5 23. Ra2 Ra4 24. Nxe6 fxe6 25. Qb3 Bd6 26. Bh3 Ra5 27. Nc2 Qe7 28. Nd4 e5 29. Nf5 Qc7 30. Ne3 Kh8 31. a4 Bc5 32. Rc2 b6 33. Bg2 Qa7 34. Ra1 Qf7 35. Rd2 Raa8 36. Rad1 Ne4 37. Bxe4 Bxe3 38. Qxe3 Rxa4 39. Bxd5 Qa7 40. Qb3 Ra3 41. Qc4 Ra4 42. Qc6 1-0

[Event "Berlin Lichtenberger op 12th"]
[Site "Berlin"]
[Date "2013.08.24"]
[Round "8"]
[White "Shapiro, Yosip"]
[Black "Bruening, Wolfgang"]
[Result "1-0"]
[WhiteElo "2112"]
[BlackElo "1962"]
[PlyCount "53"]
[EventDate "2013.08.17"]
[EventType "swiss"]
[EventRounds "9"]
[EventCountry "GER"]
[SourceTitle "CBM 156 Extra"]
[Source "ChessBase"]
[SourceDate "2013.10.22"]
[SourceVersion "1"]
[SourceVersionDate "2013.10.22"]
[SourceQuality "1"]

1. e4 e6 2. d4 d5 3. Nc3 Nf6 4. Bg5 Be7 5. e5 Nfd7 6. h4 h6 7. Bxe7 Qxe7 8. Qg4 Rg8 9. 0-0-0 a6 10. Bd3 Nf8 11. Nce2 Bd7 12. Nf4 Bb5 13. Nxd5 exd5 14. Qc8+ Qd8 15. Qxb7 Bc6 16. Qb3 Ra7 17. c3 Rb7 18. Qc2 Ne6 19. Ne2 Qe7 20. f4 Bb5 21. f5 Nf8 22. Nf4 Bxd3 23. Qxd3 Qd7 24. e6 fxe6 25. Rhe1 Rb6 26. fxe6 Qd6 27. Qf5 1-0

[Event "Berlin Lichtenberger op 12th"]
[Site "Berlin"]
[Date "2013.08.22"]
[Round "6"]
[White "Millward, Kevin P"]
[Black "Bruening, Wolfgang"]
[Result "1-0"]
[WhiteElo "1920"]
[BlackElo "1962"]
[PlyCount "129"]
[EventDate "2013.08.17"]
[EventType "swiss"]
[EventRounds "9"]
[EventCountry "GER"]
[SourceTitle "CBM 156 Extra"]
[Source "ChessBase"]
[SourceDate "2013.10.22"]
[SourceVersion "1"]
[SourceVersionDate "2013.10.22"]
[SourceQuality "1"]

1. g3 f5 2. Bg2 Nf6 3. d3 e6 4. Nd2 d5 5. e4 Bc5 6. Qe2 0-0 7. Nb3 Bb6 8. e5 Ng4 9. d4 Nc6 10. Nf3 Bd7 11. h3 Nh6 12. c3 Nf7 13. h4 Kh8 14. Ng5 Qe7 15. Bf3 Ncd8 16. Bh5 a5 17. Be3 a4 18. Nd2 Be8 19. 0-0 c5 20. Bxf7 Nxf7 21. dxc5 Nxg5 22. cxb6 Nf7 23. Nf3 Ra5 24. b4 axb3 25. axb3 Bb5 26. Qc2 Rfa8 27. Rxa5 Rxa5 28. Ra1 Ra6 29. Rxa6 Bxa6 30. Qa2 h6 31. Qa5 g5 32. Qc5 Qxc5 33. Bxc5 Kh7 34. Bd6 Bb5 35. Bc7 Kg6 36. Nd4 Bd7 37. Kg2 gxh4 38. gxh4 h5 39. c4 dxc4 40. bxc4 f4 41. Kf3 Nh6 42. Kxf4 Nf5 43. Nb3 Nxh4 44. Na5 Bc8 45. c5 Nf5 46. c6 bxc6 47. b7 Bxb7 48. Nxb7 Nd4 49. Bb6 Ne2+ 50. Ke3 Nc3 51. Bd4 Nb5 52. Bb2 Kf5 53. Nd6+ Kg4 54. f3+ Kh3 55. Ne4 h4 56. Ng5+ Kg2 57. Nxe6 Nc7 58. Nf4+ Kg3 59. Ne2+ Kg2 60. Nf4+ Kg3 61. Nh5+ Kg2 62. Ke4 Nd5 63. e6 h3 64. Be5 Nc3+ 65. Kd3 1-0

[Event "Berlin Lichtenberger op 10th"]
[Site "Berlin"]
[Date "2011.08.16"]
[Round "4"]
[White "Bruening, Wolfgang"]
[Black "Guenther, Thomas"]
[Result "1/2-1/2"]
[WhiteElo "1958"]
[BlackElo "2132"]
[PlyCount "107"]
[EventDate "2011.08.13"]
[EventType "swiss"]
[EventRounds "9"]
[EventCountry "GER"]
[SourceTitle "CBM 143 Extra"]
[Source "ChessBase"]
[SourceDate "2011.08.29"]
[SourceVersion "1"]
[SourceVersionDate "2011.08.29"]
[SourceQuality "1"]

1. Nf3 Nf6 2. d4 e6 3. e3 b6 4. Bd3 Bb7 5. b3 Be7 6. Bb2 0-0 7. 0-0 d5 8. Nbd2 Ne4 9. c4 Nd7 10. Rc1 c5 11. Bb1 Nxd2 12. Qxd2 dxc4 13. bxc4 cxd4 14. Nxd4 Nc5 15. f3 Bg5 16. Rfe1 g6 17. Rcd1 Qe7 18. Bc2 Rad8 19. Qc1 Rd7 20. Nb5 Rxd1 21. Rxd1 a6 22. Nd6 Rd8 23. Nxb7 Rxd1+ 24. Bxd1 Nd3 25. Qd2 Nxb2 26. Qxb2 Bxe3+ 27. Kf1 Qxb7 28. Qe5 Bc5 29. Bc2 Qc8 30. Ke2 Qd8 31. Qe4 a5 32. h4 Qf6 33. a4 h5 34. g3 Qa1 35. g4 hxg4 36. fxg4 Qd4 37. Qxd4 Bxd4 38. Kf3 Kg7 39. Bd3 f5 40. h5 fxg4+ 41. Kxg4 gxh5+ 42. Kxh5 Kf6 43. Kg4 Ke5 44. Bg6 Bg1 45. Bf7 Kd6 46. Kf4 e5+ 47. Ke4 Bd4 48. Be8 Kc5 49. Bb5 Kb4 50. Kd3 Bg1 51. Ke4 Bh2 52. Kd5 Kc3 53. Ke4 Bg3 54. Ba6 1/2-1/2

[Event "Berlin Lichtenberger op 10th"]
[Site "Berlin"]
[Date "2011.08.14"]
[Round "3"]
[White "Schneider, Eckehard"]
[Black "Bruening, Wolfgang"]
[Result "0-1"]
[WhiteElo "1733"]
[BlackElo "1958"]
[PlyCount "102"]
[EventDate "2011.08.13"]
[EventType "swiss"]
[EventRounds "9"]
[EventCountry "GER"]
[SourceTitle "CBM 143 Extra"]
[Source "ChessBase"]
[SourceDate "2011.08.29"]
[SourceVersion "1"]
[SourceVersionDate "2011.08.29"]
[SourceQuality "1"]

1. e4 c5 2. c3 Nf6 3. e5 Nd5 4. Nf3 e6 5. Bc4 Nb6 6. Bb3 Nc6 7. 0-0 c4 8. Bc2 Qc7 9. Qe2 d6 10. exd6 Bxd6 11. Na3 Bxa3 12. bxa3 0-0 13. a4 f6 14. Rb1 e5 15. d3 cxd3 16. Qxd3 g6 17. Qb5 Be6 18. Bb3 Bf7 19. Ba3 Bxb3 20. axb3 Rfd8 21. Rfd1 Rd7 22. Rxd7 Qxd7 23. Qe2 Rd8 24. h3 Qd5 25. Kf1 e4 26. Nd4 Nxd4 27. cxd4 a6 28. Be7 Rd7 29. Bxf6 Qf5 30. Be5 Nd5 31. Rc1 e3 32. Rc8+ Kf7 33. Qf3 Qxf3 34. gxf3 exf2 35. Kxf2 Ke6 36. h4 Nb4 37. Ke3 Nc6 38. f4 Ne7 39. Rc5 Nf5+ 40. Ke4 Ng3+ 41. Kd3 Nf5 42. Kc4 Nxh4 43. d5+ Ke7 44. Rc7 Nf5 45. Kc5 Kd8 46. Kb6 Rxc7 47. Bxc7+ Kc8 48. d6 h5 49. a5 h4 50. d7+ Kxd7 51. Kxb7 h3 0-1

[Event "Berlin Eckbauer op 13th"]
[Site "Berlin"]
[Date "2010.09.27"]
[Round "3.18"]
[White "Bruening, Wolfgang"]
[Black "Hall, Oliver"]
[Result "1-0"]
[WhiteElo "1958"]
[BlackElo "1606"]
[PlyCount "43"]
[EventDate "2010.09.13"]
[EventType "swiss"]
[EventRounds "7"]
[EventCountry "GER"]
[SourceTitle "EXT 2022"]
[Source "ChessBase"]
[SourceDate "2021.10.06"]
[SourceVersion "1"]
[SourceVersionDate "2021.10.06"]
[SourceQuality "1"]

1. e4 e6 2. d4 d5 3. Nc3 Bb4 4. e5 c5 5. a3 Bxc3+ 6. bxc3 Ne7 7. Qg4 Qc7 8. Ne2 Bd7 9. Qxg7 Rg8 10. Qxh7 Bb5 11. Qh3 cxd4 12. cxd4 Nbc6 13. c3 Rc8 14. a4 Ba6 15. Nf4 Bxf1 16. Rxf1 Nf5 17. Nxd5 exd5 18. Qxf5 Nxd4 19. cxd4 Qc3+ 20. Ke2 Qxd4 21. Qxc8+ Ke7 22. Ba3+ 1-0

[Event "Berlin Eckbauer op 13th"]
[Site "Berlin"]
[Date "2010.09.20"]
[Round "2.6"]
[White "Keskowski, Thilo"]
[Black "Bruening, Wolfgang"]
[Result "1-0"]
[WhiteElo "2146"]
[BlackElo "1958"]
[PlyCount "65"]
[EventDate "2010.09.13"]
[EventType "swiss"]
[EventRounds "7"]
[EventCountry "GER"]
[SourceTitle "EXT 2022"]
[Source "ChessBase"]
[SourceDate "2021.10.06"]
[SourceVersion "1"]
[SourceVersionDate "2021.10.06"]
[SourceQuality "1"]

1. c4 c5 2. g3 Nf6 3. Bg2 e6 4. Nf3 Be7 5. 0-0 0-0 6. b3 Nc6 7. Bb2 d5 8. e3 dxc4 9. bxc4 Qd3 10. Qb3 Rd8 11. Qxd3 Rxd3 12. Rd1 Bd7 13. Ne1 Rd6 14. Ba3 b6 15. Nc3 a6 16. d4 Rb8 17. Nd3 Be8 18. dxc5 Rdd8 19. Rab1 Na5 20. c6 Nxc6 21. Bb2 Na5 22. Ne5 Bd6 23. Ne2 Ba4 24. Re1 Rbc8 25. Bd4 Bxe5 26. Bxe5 Nxc4 27. Bb7 Rc5 28. Bd4 Rb5 29. Bxa6 Rxb1 30. Rxb1 b5 31. Bxb5 Rb8 32. Nc3 Nd5 33. Bxa4 1-0